000 00778nab a2200241 u 4500
001 18453
003 HDC
007 cr bn ---aaaaa
008 210226c20100820xx dr|noo 0 a eng d
040 _aHDC
245 0 _aNigeria: Halal Branding: Threading the Fast Lane
260 _a[No place] :
_b[publisher not identified],
_c2010
336 _atext
_2rdacontent
337 _acomputer
_2rdamedia
338 _aonline resource
_2rdacarrier
650 _aHalal Branding
_964
650 _aHalal products
_9642
710 _aHalal Focus
856 _zRequest full-text at [email protected]
942 _2lcc
942 _cNEWS
942 _kNWSO 006057
999 _c15769
_d15769